|
|
|
|
| LEADER |
00608nam a22001697a 4500 |
| 008 |
141217b xxu||||| |||| 00| 0 eng d |
| 020 |
|
|
|a 9780415631495
|
| 082 |
|
|
|a 347.09 ONY'10
|
| 100 |
|
|
|a Onyema, Emilia
|
| 245 |
|
|
|a International Commercial Arbitration & the Arbitrator's Contract
|
| 260 |
|
|
|a Oxon
|b Routledge
|c 2010
|
| 300 |
|
|
|a 257
|
| 500 |
|
|
|a Include Index
|
| 650 |
|
|
|2 International Commercial Arbitration
|
| 942 |
|
|
|2 ddc
|c REF
|
| 999 |
|
|
|c 7917
|d 7917
|
| 952 |
|
|
|0 0
|1 0
|2 ddc
|4 0
|6 347_090000000000000_ONY10
|7 1
|8 REF
|9 9933
|a NUALS
|b NUALS
|c REF
|d 2014-12-17
|g 2820.00
|l 0
|o 347.09 ONY'10
|p 10141
|r 2016-12-31
|w 2014-12-17
|y REF
|